Representations of finite Chevalley groups /
Guardado en:
| Autor Principal: | |
|---|---|
| Autor Corporativo: | |
| Formato: | Libro |
| Idioma: | English |
| Publicado: |
Providence, R.I. :
Published for the Conference Board of the Mathematical Sciences by the American Mathematical Society,
c1978.
|
| Series: | Regional conference series in mathematics ;
no. 39 |
| Materias: | |
| Etiquetas: |
Agregar Etiqueta
Sin Etiquetas, Sea el primero en etiquetar este registro!
|
| LEADER | 01033cam a2200265 a 4500 | ||
|---|---|---|---|
| 001 | MAT.inmabb005002 | ||
| 008 | 781018s1978####riu######b####000#0#eng## | ||
| 005 | 20130304095130.0 | ||
| 245 | 1 | 0 | |a Representations of finite Chevalley groups / |c by G. Lusztig. |
| 260 | |a Providence, R.I. : |b Published for the Conference Board of the Mathematical Sciences by the American Mathematical Society, |c c1978. | ||
| 300 | |a v, 48 p. ; |c 26 cm. | ||
| 440 | 0 | |a Regional conference series in mathematics ; |v no. 39 | |
| 500 | |a "Expository lectures from the CBMS regional conference held at Madison, Wisconsin, August 8-12, 1977." | ||
| 504 | |a Bibliografía: p. 47-48. | ||
| 510 | 4 | |a MR, |c 80f:20045 | |
| 020 | |a 0821816896 | ||
| 100 | 1 | |a Lusztig, George, |d 1946- | |
| 710 | 2 | |a Conference Board of the Mathematical Sciences. | |
| 650 | 0 | |a Chevalley groups. | |
| 650 | 0 | |a Finite groups. | |
| 650 | 0 | |a Representations of groups. | |
| 084 | |a 20G05 |2 msc2000 | ||
| 010 | |a 78024068 | ||
| 040 | |a DLC |c DLC |d DLC | ||
| 859 | |h 20 |i L972r |p A-5356 |b BIB. MATEMATICA | ||
